| 000 | 00640nam a2200193 i 4500 | ||
|---|---|---|---|
| 001 | bgj | ||
| 100 | 1 | _aMORLEY, Joan | |
| 245 | 1 | 0 |
_aImproving spoken English : _ban intensive personalized program in perception, pronunciation, practice in context / _cJoan Morley. |
| 260 |
_aAnn Arbor : _bThe University of Michigan Press, _cc. 1979. |
||
| 300 |
_aXIII, [3], 349 pp : _bill. ; _c28 cm. |
||
| 650 | 9 |
_aEnglish language _xSpoken English |
|
| 655 | _aTextbooks for foreigners | ||
| 020 | _a047208660X (pbk) | ||
| 040 | _cBPK | ||
| 041 | 0 | _aeng | |
| 920 | _a0-472-08660-X (pbk) | ||
| 942 | _cKS | ||
| 008 | s uk f |000 0 eng | ||
| 999 |
_c41323 _d41323 |
||
| 856 |
_uhttp://koha.tu.koszalin.pl/cgi-bin/koha/opac-detail.pl?biblionumber=41323 _yKatalog online BPK |
||